<?xml version="1.0" encoding="UTF-8"?>
<marc:record xmlns:marc="http://www.loc.gov/MARC21/slim">
   <marc:leader>00000nam a2200000 a 4500</marc:leader>
   <marc:datafield ind1="1" ind2=" " tag="100">
      <marc:subfield code="a">Kinney, Jeff</marc:subfield>
      <marc:subfield code="4">aut</marc:subfield>
      <marc:subfield code="e">Verfasser/-in</marc:subfield>
   </marc:datafield>
   <marc:datafield ind1=" " ind2=" " tag="653">
      <marc:subfield code="a">Jugendbücher ab 12-Jahre</marc:subfield>
   </marc:datafield>
   <marc:datafield ind1=" " ind2=" " tag="653">
      <marc:subfield code="a">Antolin</marc:subfield>
   </marc:datafield>
   <marc:datafield ind1=" " ind2=" " tag="653">
      <marc:subfield code="a">Klasse-5</marc:subfield>
   </marc:datafield>
   <marc:datafield ind1="0" ind2="0" tag="245">
      <marc:subfield code="a">Voll aufgedreht!</marc:subfield>
   </marc:datafield>
   <marc:datafield ind1=" " ind2="1" tag="264">
      <marc:subfield code="b">Baumhaus</marc:subfield>
      <marc:subfield code="c">2022</marc:subfield>
   </marc:datafield>
   <marc:datafield ind1="1" ind2=" " tag="490">
      <marc:subfield code="a">Gregs Tagebuch</marc:subfield>
   </marc:datafield>
   <marc:datafield ind1="1" ind2=" " tag="520">
      <marc:subfield code="a">Eigentlich hatte Greg immer nur ein Ziel: eines Tages reich und berühmt zu sein. Doch auch wenn er es toll fände, seinen Namen in Leuchtbuchstaben zu lesen, hält er das Promi-Leben für viel zu anstrengend. Sein Plan: Jemand aus der Familie muss den Job übernehmen. Also beschließt Greg, seinem großen Bruder Rodrick und dessen Band dabei zu helfen, echte Rockstars zu werden. Doch das ist leichter gesagt als getan. Erst recht, wenn der Bandname Folle Vindl lautet. Und auch sonst verlangt ihm der Alltag in der Band so einiges ab: lange Nächte, unbezahlte Auftritte, Streit unter den Bandmitgliedern und Geldsorgen ... Ob Gregs Plan am Ende doch noch aufgeht?

Angriff auf die Lachmuskeln garantiert: großer Lesespaß mit Greg!

Mit zahlreichen coolen Cartoons von Jeff Kinney

Über 275 Millionen verkaufte Bücher weltweit

Der Titel ist mit einem Quiz auch bei Antolin gelistet

</marc:subfield>
   </marc:datafield>
   <marc:datafield ind1=" " ind2=" " tag="020">
      <marc:subfield code="a">9783833907500</marc:subfield>
      <marc:subfield code="9">9783833907500</marc:subfield>
   </marc:datafield>
</marc:record>
